MARC details
| 000 -LEADER |
| fixed length control field |
00660cam a2200157 4500 |
| 001 - CONTROL NUMBER |
| control field |
WS106789 |
| 008 - FIXED-LENGTH DATA ELEMENTS--GENERAL INFORMATION |
| fixed length control field |
000000n 000 0 eng u |
| 035 ## - SYSTEM CONTROL NUMBER |
| System control number |
(Sirsi) u106789 |
| 245 ## - TITLE STATEMENT |
| Title |
I-fm News |
| 520 ## - SUMMARY, ETC. |
| Summary, etc. |
Web site for this online resource for facilities management professionals. Includes news updated every working day, features, market information, a discussion forum and bookshop. Specialist channels cover workplace, technology and HR issues. |
| 650 ## - SUBJECT ADDED ENTRY--TOPICAL TERM |
| Topical term or geographic name entry element |
TELEWORKING |
| 650 ## - SUBJECT ADDED ENTRY--TOPICAL TERM |
| Topical term or geographic name entry element |
DISCUSSION LISTS |
| 690 ## - LOCAL SUBJECT ADDED ENTRY--TOPICAL TERM (OCLC, RLIN) |
| Topical term or geographic name as entry element |
MANAGEMENT-FACILITIES MANAGEMENT |
| 856 40 - ELECTRONIC LOCATION AND ACCESS |
| Uniform Resource Identifier |
<a href="https://www.i-fm.net">https://www.i-fm.net</a> |
| Public note |
View the website free of charge at www.i-fm.net... |
| 942 ## - ADDED ENTRY ELEMENTS (KOHA) |
| Suppress in OPAC |
0 |